Islam, Europe's Second Religion : (Record no. 12805)
[ view plain ]
| 000 -LEADER | |
|---|---|
| fixed length control field | 01984cam a2200385 a 4500 |
| 001 - CONTROL NUMBER | |
| control field | 12753854 |
| 005 - DATE AND TIME OF LATEST TRANSACTION | |
| control field | 20040513104603.0 |
| 008 - FIXED-LENGTH DATA ELEMENTS--GENERAL INFORMATION | |
| fixed length control field | 020425s2002 ctua b 001 0 eng |
| 010 ## - LIBRARY OF CONGRESS CONTROL NUMBER | |
| LC control number | 2002070434 |
| 020 ## - INTERNATIONAL STANDARD BOOK NUMBER | |
| International Standard Book Number | 0275976084 (alk. paper) |
| 020 ## - INTERNATIONAL STANDARD BOOK NUMBER | |
| International Standard Book Number | 0275976092 |
| 020 ## - INTERNATIONAL STANDARD BOOK NUMBER | |
| International Standard Book Number | 9780275976095 |
| 040 ## - CATALOGING SOURCE | |
| Original cataloging agency | DLC |
| Transcribing agency | DLC |
| Modifying agency | DLC |
| 042 ## - AUTHENTICATION CODE | |
| Authentication code | pcc |
| 043 ## - GEOGRAPHIC AREA CODE | |
| Geographic area code | e------ |
| 050 00 - LIBRARY OF CONGRESS CALL NUMBER | |
| Classification number | D1056.2.M87 |
| Item number | I75 2002 |
| 082 00 - DEWEY DECIMAL CLASSIFICATION NUMBER | |
| Classification number | 305.897104 |
| Edition number | 22 |
| Item number | ISL |
| 245 00 - TITLE STATEMENT | |
| Title | Islam, Europe's Second Religion : |
| Remainder of title | The New Social, Cultural, and Political Landscape / |
| Statement of responsibility, etc | Edited by Shireen T. Hunter ; Foreword by Charles Buchanan. |
| 260 ## - PUBLICATION, DISTRIBUTION, ETC. (IMPRINT) | |
| Place of publication, distribution, etc | Westport, Conn. : |
| Name of publisher, distributor, etc | Praeger, |
| Date of publication, distribution, etc | 2002. |
| 300 ## - PHYSICAL DESCRIPTION | |
| Extent | xvii, 292 p. : |
| Other physical details | ill. ; |
| Dimensions | 24 cm. |
| 504 ## - BIBLIOGRAPHY, ETC. NOTE | |
| Bibliography, etc | Includes bibliographical references p. 281-284 and index. |
| 650 #0 - SUBJECT ADDED ENTRY--TOPICAL TERM | |
| Topical term or geographic name as entry element | Muslims |
| Geographic subdivision | Europe. |
| 9 (RLIN) | 8921 |
| 650 #0 - SUBJECT ADDED ENTRY--TOPICAL TERM | |
| Topical term or geographic name as entry element | Islam |
| Geographic subdivision | Europe. |
| 9 (RLIN) | 8922 |
| 650 #0 - SUBJECT ADDED ENTRY--TOPICAL TERM | |
| Topical term or geographic name as entry element | Muslims |
| General subdivision | Cultural assimilation |
| Geographic subdivision | Europe. |
| 9 (RLIN) | 8923 |
| 650 #0 - SUBJECT ADDED ENTRY--TOPICAL TERM | |
| Topical term or geographic name as entry element | Multiculturalism |
| Geographic subdivision | Europe. |
| 9 (RLIN) | 8924 |
| 651 #0 - SUBJECT ADDED ENTRY--GEOGRAPHIC NAME | |
| Geographic name | Europe |
| General subdivision | Ethnic relations. |
| 9 (RLIN) | 8925 |
| 700 1# - ADDED ENTRY--PERSONAL NAME | |
| Personal name | Hunter, Shireen. |
| 9 (RLIN) | 8926 |
| 700 1# - ADDED ENTRY--PERSONAL NAME | |
| Personal name | Buchanan, Charles |
| 9 (RLIN) | 8927 |
| 942 ## - ADDED ENTRY ELEMENTS (KOHA) | |
| Source of classification or shelving scheme | Dewey Decimal Classification |
| Item type | Book - Borrowing |
| Withdrawn status | Item status | Source of classification or shelving scheme | Damaged status | Not for loan | Vendor | Home library | Current library | Shelving location | Date acquired | Source of acquisition | Total Checkouts | Total Renewals | Full call number | Barcode | Date last seen | Date last borrowed | Koha item type | Materials specified (bound volume or other part) |
|---|---|---|---|---|---|---|---|---|---|---|---|---|---|---|---|---|---|---|
| Dewey Decimal Classification | Baccah | Central Library | Central Library | First floor | 18/10/2009 | 7 | 81 | 305.897104 ISL | 000018045 | 15/07/2025 | 22/03/2014 | Book - Borrowing | ||||||
| Lost | Dewey Decimal Classification | Baccah | Central Library | Central Library | First floor | 18/10/2009 | 305.897104 ISL | 000018046 | 25/07/2010 | NB - Book (Non borrowing) | Lost In Inventory_2015-8-23 | |||||||
| Dewey Decimal Classification | Baccah | Central Library | Central Library | First floor | 30/09/2010 | 6 | 19 | 305.897104 ISL | 000022311 | 15/07/2025 | 17/10/2011 | Book - Borrowing | ||||||
| Dewey Decimal Classification | Central Library | Central Library | First floor | 11/01/2011 | 2 | 305.897104 ISL | 000022740 | 15/07/2025 | 06/04/2013 | Book - Borrowing |